Daniel Hernandez : (Record no. 681)

000 -CABECERA
fixed length control field 00599nam a22001817a 4500
003 - IDENTIFICADOR DEL NÚMERO DE CONTROL
control field AR-CdUCM
008 - DATOS DE LONGITUD FIJA--INFORMACIÓN GENERAL
fixed length control field 190225b ||||| |||| 00| 0 spa d
040 ## - FUENTE DE LA CATALOGACIÓN
Agencia/entidad que catalogó originalmente la obra MUNICIPALIDAD PROVINCIAL DEL CUSCO
Entidad que transcribió la catalogación BIBLIOTECA MUNICIPAL DEL CUSCO
082 ## - NÚMERO DE LA CLASIFICACIÓN DECIMAL DEWEY
No. de Clasificación 920 /
Notacion interna Z95
100 ## - ENTRADA PRINCIPAL--NOMBRE DE PERSONA
Nombre Personal Zúñiga Segura, Carlos
245 ## - MENCIÓN DE TÍTULO
Título Daniel Hernandez :
Resto del título imagen y presencia /
Mención de responsabilidad Carlos Zúñiga Segura
260 ## - PUBLICACIÓN, DISTRIBUCIÓN, ETC.
Lugar de publicación, distribución, etc. Perú :
Nombre de la editorial, distribuidor, etc. Ediciones Capuli ;
Fecha de publicación, distribución, etc. 1989.
300 ## - DESCRIPCIÓN FÍSICA
Nº de Páginas Extensión 61 páginas. :
Otros detalles físicos fotografías;
Dimensiones 20 cm.
650 ## - PUNTO DE ACCESO ADICIONAL DE MATERIA--TÉRMINO DE MATERIA
Descriptor Biografía
9 (RLIN) 22
650 ## - PUNTO DE ACCESO ADICIONAL DE MATERIA--TÉRMINO DE MATERIA
Descriptor Historia popular
9 (RLIN) 2638
942 ## - ELEMENTOS DE PUNTO DE ACCESO ADICIONAL (KOHA)
Fuente de clasificación
Tipo de item Libros-BMC
945 ## - PROCESAMIENTO DE INFORMACIÓN LOCAL (OCLC)
Catalogador nom
AAAA-MM-DD - Fecha de ingreso o modificacion 2019-02-25
Holdings
Estado de retiro (separado) Fuente de clasificación o esquema de estanterías Estado dañado Ubicación Sala donde se ubica Nombre de la colección Fecha de adquisición o compra Costo, precio normal en soles Signatura topográfica Código de Barras Última vez visto (Koha) Tipo de ítem (Koha)
No     Sala Humanidades Sala Humanidades Book Cart 2019-02-25 5.00 920 / Z95 SH0000000700 2019-02-25 Libros-BMC

Powered by Koha